00462cam a2200133K 450008200170000010000250001724500420004226000420008430000620012649000320018852600370022065000080025785600630026504a954.031bLYA1 aLyall, Alfred Comyn,10aWarren Hastingscby Sir Alfred Lyall. aLondon,aNew York,bMacmillan,c1889. a1 online resource (vi, 235 p.)bfront. (port.) fold. map.0 aEnglish men of action [v.9] a0b0c0d954_031000000000000_LYA aMCE40uhttp://catalog.hathitrust.org/api/volumes/oclc/674694.html